The psychology of interrogations, confessions, and testimony / (Record no. 7948)
[ view plain ]
| 000 -LEADER | |
|---|---|
| fixed length control field | 00796nam a2200205 4500 |
| 008 - FIXED-LENGTH DATA ELEMENTS--GENERAL INFORMATION | |
| fixed length control field | 171207b xxu||||| |||| 00| 0 eng d |
| 020 ## - INTERNATIONAL STANDARD BOOK NUMBER | |
| International Standard Book Number | 9780471926634 |
| 082 ## - DEWEY DECIMAL CLASSIFICATION NUMBER | |
| Edition number | 1993 |
| Classification number | DC 363.25 |
| Item number | G93p |
| 100 ## - MAIN ENTRY--PERSONAL NAME | |
| 9 (RLIN) | 24426 |
| Personal name | Gudjonsson, Gisli H., author. |
| 245 ## - TITLE STATEMENT | |
| Title | The psychology of interrogations, confessions, and testimony / |
| Statement of responsibility, etc. | Gisli H. Gudjonsson. |
| 260 ## - PUBLICATION, DISTRIBUTION, ETC. (IMPRINT) | |
| Place of publication, distribution, etc. | New York : |
| Name of publisher, distributor, etc. | Wiley, |
| Date of publication, distribution, etc. | ©1992. |
| 300 ## - PHYSICAL DESCRIPTION | |
| Extent | xii, 362 pages ; |
| Dimensions | 25 cm. |
| 440 ## - SERIES STATEMENT/ADDED ENTRY--TITLE | |
| 9 (RLIN) | 24427 |
| Title | Wiley series in psychology of crime, policing and law. |
| 500 ## - GENERAL NOTE | |
| General note | Includes bibliographical references and index. |
| 650 #0 - SUBJECT ADDED ENTRY--TOPICAL TERM | |
| 9 (RLIN) | 24428 |
| Topical term or geographic name as entry element | Police questioning |
| General subdivision | Psychological aspects |
| 650 #0 - SUBJECT ADDED ENTRY--TOPICAL TERM | |
| 9 (RLIN) | 24429 |
| Topical term or geographic name as entry element | Confession (Law) |
| General subdivision | Psychological aspects. |
| 650 #0 - SUBJECT ADDED ENTRY--TOPICAL TERM | |
| 9 (RLIN) | 24430 |
| Topical term or geographic name as entry element | Criminal Psychology. |
| 650 #0 - SUBJECT ADDED ENTRY--TOPICAL TERM | |
| 9 (RLIN) | 24431 |
| Topical term or geographic name as entry element | Jurisprudence. |
| 942 ## - ADDED ENTRY ELEMENTS (KOHA) | |
| Source of classification or shelving scheme | Dewey Decimal Classification |
| Koha item type | Circulation |
| Withdrawn status | Lost status | Source of classification or shelving scheme | Damaged status | Not for loan | Collection code | Home library | Current library | Shelving location | Source of acquisition | Total Checkouts | Full call number | Barcode | Date last seen | Date last checked out | Copy number | Price effective from | Koha item type |
|---|---|---|---|---|---|---|---|---|---|---|---|---|---|---|---|---|---|
| Dewey Decimal Classification | Circulation | UM Digos College - LIC | UM Digos College - LIC | Book Cart | Photocopied | 1 | DC 363.25 G93p 1993 | 20607 | 06/08/2021 | 10/29/2020 | 12/07/2017 | Circulation |
